000 00439nam a2200145Ia 4500
008 151021s9999 xx 000 0 und d
020 _a131437399
050 _aQa371 .D4495 2006
245 _a_Differential equations with boundary value problems(2nd ed) john polking
260 _aNew jersey Pearson Education 2006
300 _aiii,492p.
650 _a_Equations
700 _a_David Arnold
980 _a^d20130509 01:14:37^oanne
999 _c13137
_d13137